00582nam a22001817a 450000500170000001000260001702000260004303500140006903500140008303700090009708200130010624500980011926000440021727000680026130000340032970000180036370000190038120250115115355.0 aENG-131443 ENG-143420 a9789383445608c580.00 aEN-114975 aEN-126952 bDBAD a958.1046 aRecent Developments In Afghanistan:bIcwa Reflections/cEdited by Nivedita Ray, Anwesha Ghosh aNew DelhibKW Publishers Pvt. Ltdc2022 a4676/21, First Floor, Ansari Road, DaryaganjbNew Delhie110002 axiii, 122p.bIndexc25cm(hbk) aRay, Nivedita aGhosh, Anwesha